000 00190 a2200097 4500
020 _a9788498451825
041 _aspa
100 _aCarmen Gil
245 _aMi Vecina es una Bruja
942 _cBK
999 _c15165
_d15165